Statistics for Rangers Best Scorer By Year

Click here to take the quiz!

General Stats

  • This quiz has been taken 164 times
    (71 since last reset)
  • The average score is 13 of 42

Answer Stats

Player% Correct
Alfredo Morelos
87%
Ally McCoist
84%
Kenny Miller
76%
James Tavernier
75%
Kris Boyd
68%
Kemar Roofe
57%
Jermain Defoe
51%
Nikica Jelavić
49%
Brian Laudrup
48%
Nacho Novo
43%
Barry Ferguson
41%
Mo Johnston
41%
Willie Johnston
41%
Alex Ferguson
38%
Jörg Albertz
37%
Mark Hateley
37%
Tore André Flo
35%
Marco Negri
33%
Rod Wallace
33%
Ronald de Boer
32%
Alex Smith
25%
Colin Stein
25%
Gordon Smith
25%
Derek Johnstone
24%
Derek Parlane
22%
Gordon Durie
22%
Shota Arveladze
21%
Ralph Brand
16%
Alex MacDonald
14%
John MacDonald
14%
Kevin Drinkell
14%
Jimmy Millar
13%
Mark Walters
13%
George McLean
10%
Jim Forrest
10%
Sandy Clark
10%
Billy Simpson
8%
Max Murray
8%
Willie Thornton
6%
Colin McAdam
5%
Don Kichenbrand
3%
Derek Grierson
0%

Score Distribution

Percentile by Number Answered

Percent of People with Each Score

Your Score History

You have not taken this quiz since the last reset